Vystava kartyn Borysa Kuz'my v Bratyslavi

Bibliographic Details
Format: Article
Language:Ukrainian
PhysicalDescription:Fotogr.
Subjects:
Online Access:www.rusini-ukrajinci.tym.sk

MARC

LEADER 00000nab a2200000 a 4500
001 vtls010516363
003 SK-MaSNL
005 20260318123840.0
008 130604c2013 xo wr p 000 c0ukr
015 |a SNBRB2013/06 
038 |a SVKPOCL 
040 |a SVKPOCL  |b slo  |c SVKPOCL  |e AACR2 
041 0 |a ukr 
044 |a xo  |c SK 
080 |a 72/76  |2 2001 
080 |a 80(=16)+908(4)  |2 2001 
080 |a 061.4  |2 2001 
080 |a 929 Kuz'ma, Borys  |2 2001 
080 |a 75.071.1  |2 2001 
245 0 0 |a Vystava kartyn Borysa Kuz'my v Bratyslavi 
300 |b Fotogr. 
600 1 7 |a Kuz'ma, Borys,  |d 1958-  |2 svkpocl  |9 1334660 
610 2 7 |a Aircraft Gallery (Bratislava, Slovensko)  |2 svkpocl  |9 1334661 
611 2 7 |a Architektúrne impresie  |g výstava  |d (2013 :  |c Bratislava, Slovensko)  |2 svkpocl  |9 1334662 
648 7 |a 14.3.2013  |2 svkpocl  |9 1098067 
650 0 7 |a výtvarné umenie  |2 svkpocl  |9 723 
650 0 7 |a maliari  |2 svkpocl  |9 3150 
650 0 7 |a Dočasné výstavy  |2 svkpocl  |9 1040881 
650 0 7 |a slavistika  |2 svkpocl  |9 4282 
651 7 |a Bratislava (Slovensko)  |2 svkpocl  |9 14568 
651 7 |a Ukrajina  |2 svkpocl  |9 168045 
773 0 |t Nove žyttja  |g Roč. 63, č. 6 (2013), s. 3 
852 |a SVKPO  |b KIS3GCP 
856 4 1 |u www.rusini-ukrajinci.tym.sk 
958 |a UK 
958 |a SK 
958 |a SS 
958 |a BC 
958 |a UA 
999 |c 2705798  |d 2707728